000 00424nam a2200181Ia 4500
005 20240823010426.0
008 240823s9999||||xx |||||||||||||| ||und||
041 _aENGLISH
082 _A629.8312 N9
100 _aNagoor Kani A
245 0 _aAdvanced Control Theory
250 _a2nd
260 _c1999
_b"RBA,Chennai"
500 _aTransfered
650 _aElectronics
_bElectronics
942 _cBK
999 _c158580
_d158580